| 000 | 01966cam a2200349 a 4500 | ||
|---|---|---|---|
| 001 | 12064652 | ||
| 003 | PACU | ||
| 005 | 20140807141823.0 | ||
| 008 | 000620s2001 caua b 001 0 eng | ||
| 010 | _a 00010061 | ||
| 020 | _a0787909513 (hard : alk. paper) | ||
| 040 |
_aDLC _cDLC _dDLC |
||
| 050 | 0 | 0 |
_aHD57.7 _b.L439 2001 |
| 082 | 0 | 0 |
_a650.1 _221 |
| 100 | 1 |
_aLee, Robert J., _d1939- _93084 |
|
| 245 | 1 | 0 |
_aDiscovering the leader in you : _ba guide to realizing your personal leadership potential / _cRobert J. Lee, Sara N. King. |
| 250 | _a1st ed. | ||
| 260 |
_aSan Francisco, Calif. : _bJossey-Bass ; _a[Greensboro, N.C.] : _bCenter for Creative Leadership, _cc2001. |
||
| 300 |
_axvii, 170 p. : _bill. ; _c24 cm. |
||
| 500 | _a"A joint publication of The Jossey-Bass business & management series and the Center for Creative Leadership"--P. [vii]. | ||
| 504 | _aIncludes bibliographical references (p. 161-163) and index. | ||
| 505 | 0 | _aWhere does leadership fit in your life? -- Consider the current realities and expectations -- Ground your leadership vision in personal vision -- Base your leadership values on personal values -- Get to know yourself as a leader -- Balance your work life and your personal life -- Take steps toward self-aware leadership. | |
| 650 | 0 |
_aLeadership. _9382 |
|
| 700 | 1 |
_aKing, Sara N., _d1961- _93085 |
|
| 830 | 0 |
_aJossey-Bass business & management series. _92748 |
|
| 856 | 4 | 2 |
_3Contributor biographical information _uhttp://www.loc.gov/catdir/bios/wiley043/00010061.html |
| 856 | 4 | 2 |
_3Publisher description _uhttp://www.loc.gov/catdir/description/wiley036/00010061.html |
| 856 | 4 |
_3Table of Contents _uhttp://www.loc.gov/catdir/toc/onix07/00010061.html |
|
| 906 |
_a7 _bcbc _corignew _d1 _eecip _f20 _gy-gencatlg |
||
| 942 |
_2lcc _cBK |
||
| 999 |
_c26963 _d26963 |
||